[Event "ESP-ch Catalunya U14"]
[Site "Cambrils"]
[Date "2024.03.28"]
[Round "9"]
[White "Herman Gamazo, Isaac"]
[Black "Valle Luis, Liam"]
[Result "1/2-1/2"]
[WhiteElo "2096"]
[BlackElo "1852"]
[PlyCount "101"]
[EventDate "2024.03.23"]
[EventType "swiss"]
[EventRounds "9"]
[EventCountry "ESP"]
[SourceTitle "EXT 2025"]
[Source "ChessBase"]
[SourceDate "2024.10.14"]
[SourceVersion "1"]
[SourceVersionDate "2024.10.14"]
[SourceQuality "1"]

1. e4 e5 2. Nc3 Nc6 3. Bc4 Nf6 4. d3 Bc5 5. f4 d6 6. Nf3 Be6 7. f5 Bxc4 8. dxc4 Bb4 9. Qd3 Bxc3+ 10. bxc3 Qd7 11. 0-0 Ne7 12. h3 Qc6 13. Re1 Nc8 14. Bg5 Nb6 15. Nd2 h6 16. Be3 0-0-0 17. Bf2 Rhg8 18. Bh4 Rdf8 19. Qe2 g5 20. fxg6 fxg6 21. Rf1 g5 22. Bg3 Na4 23. Rf3 Qb6+ 24. Kh1 Nxc3 25. Qd3 Na4 26. Raf1 Nc5 27. Qe2 Ncd7 28. Ra3 a6 29. Bf2 Qc6 30. Rb1 Rg7 31. Rab3 b6 32. c5 Nxc5 33. Bxc5 Qxc5 34. Qxa6+ Kd7 35. Rf1 Qxc2 36. Nc4 Qxe4 37. Nxb6+ Ke6 38. Na4 Qd5 39. Rd3 Ra8 40. Nc5+ Ke7 41. Rxd5 Rxa6 42. Rxf6 Rxa2 43. Re6+ Kf7 44. Rxh6 dxc5 45. Rd7+ Kg8 46. Rd8+ Kf7 47. Rc6 Ra7 48. Rxc5 c6 49. Rxe5 Rc7 50. Rc5 Rg6 51. Kh2 1/2-1/2

[Event "ESP-ch Catalunya U14"]
[Site "Cambrils"]
[Date "2024.03.25"]
[Round "4"]
[White "Prada Villagrasa, Pau Manel"]
[Black "Valle Luis, Liam"]
[Result "1-0"]
[WhiteElo "2103"]
[BlackElo "1852"]
[PlyCount "111"]
[EventDate "2024.03.23"]
[EventType "swiss"]
[EventRounds "9"]
[EventCountry "ESP"]
[SourceTitle "EXT 2025"]
[Source "ChessBase"]
[SourceDate "2024.10.14"]
[SourceVersion "1"]
[SourceVersionDate "2024.10.14"]
[SourceQuality "1"]

1. e4 e5 2. Nf3 Nf6 3. Nxe5 d6 4. Nf3 Nxe4 5. d4 d5 6. Bd3 Bd6 7. 0-0 0-0 8. c4 c6 9. Qc2 Re8 10. Nc3 Nxc3 11. bxc3 h6 12. h3 Nd7 13. a4 Nf6 14. a5 a6 15. Ba3 Be6 16. Bxd6 Qxd6 17. c5 Qc7 18. Rfb1 Rad8 19. Rb6 Bc8 20. Rb3 Re7 21. Ne5 Nd7 22. f4 Nf8 23. Qf2 f6 24. Ng6 Nxg6 25. Bxg6 f5 26. g3 Rf8 27. Rbb1 Rf6 28. Bh5 g6 29. Bf3 Rg7 30. Kh2 g5 31. Qd2 g4 32. Bg2 Re7 33. h4 Kf7 34. c4 dxc4 35. d5 cxd5 36. Qxd5+ Be6 37. Qd6 Bc8 38. Qd5+ Be6 39. Qe5 Bc8 40. Bd5+ Kg7 41. Qd4 Re2+ 42. Kh1 Qe7 43. Rb6 Re1+ 44. Rxe1 Qxe1+ 45. Kh2 Qe2+ 46. Bg2 Qe7 47. c6 bxc6 48. Rxc6 Bb7 49. Rxf6 Qxf6 50. Qd7+ Qf7 51. Qxf7+ Kxf7 52. Bxb7 c3 53. Bd5+ Ke7 54. Bb3 Kd6 55. Bc2 Kc5 56. Bxf5 1-0

[Event "Girona-ch"]
[Site "Conjunt de Castell d'Aro"]
[Date "2023.10.22"]
[Round "5"]
[White "Olcina Monells, Jordi"]
[Black "Valle Luis, Liam"]
[Result "1-0"]
[WhiteElo "1930"]
[BlackElo "1721"]
[PlyCount "55"]
[EventDate "2023.09.24"]
[EventType "swiss"]
[EventRounds "8"]
[EventCountry "ESP"]
[SourceTitle "EXT 2025"]
[Source "ChessBase"]
[SourceDate "2024.10.14"]
[SourceVersion "1"]
[SourceVersionDate "2024.10.14"]
[SourceQuality "1"]

1. e4 e5 2. Nf3 Nf6 3. d4 Nxe4 4. Bd3 d5 5. Nxe5 Nd7 6. Nxd7 Bxd7 7. Nd2 Nxd2 8. Bxd2 Bd6 9. 0-0 Qh4 10. g3 Qh3 11. Re1+ Be6 12. c4 dxc4 13. Qa4+ c6 14. Bxc4 0-0 15. Bxe6 fxe6 16. Qb3 Rf6 17. Qxb7 Raf8 18. Be3 e5 19. Qxc6 exd4 20. Qd5+ Kh8 21. Qxd4 Rg6 22. Qd5 h5 23. Rac1 Rf5 24. Rc8+ Bf8 25. Qa8 Rgf6 26. Bc5 Kg8 27. Ree8 Kh7 28. Rxf8 1-0

[Event "Girona-ch"]
[Site "Conjunt de Castell d'Aro"]
[Date "2023.10.15"]
[Round "4"]
[White "Valle Luis, Liam"]
[Black "Vila I Bague, Arnau"]
[Result "1-0"]
[WhiteElo "1721"]
[BlackElo "1872"]
[PlyCount "88"]
[EventDate "2023.09.24"]
[EventType "swiss"]
[EventRounds "8"]
[EventCountry "ESP"]
[SourceTitle "EXT 2025"]
[Source "ChessBase"]
[SourceDate "2024.10.14"]
[SourceVersion "1"]
[SourceVersionDate "2024.10.14"]
[SourceQuality "1"]

1. e4 e5 2. Nf3 Nc6 3. Bc4 Bc5 4. c3 Nf6 5. d3 0-0 6. Nbd2 d5 7. exd5 Nxd5 8. Ne4 Be7 9. 0-0 Bg4 10. h3 Bh5 11. Ng3 Bg6 12. Re1 Nb6 13. Bb3 Bd6 14. Ne4 h6 15. Be3 Kh8 16. Bxb6 axb6 17. Bd5 f5 18. Nxd6 cxd6 19. Nd2 Qh4 20. Nc4 Ne7 21. Bxb7 Ra7 22. Bf3 e4 23. g3 Qf6 24. Bg2 f4 25. dxe4 b5 26. e5 Qg5 27. h4 Qf5 28. Nxd6 Qe6 29. Nxb5 fxg3 30. fxg3 Qb6+ 31. Qd4 Qxb5 32. Qxa7 Nf5 33. Qf2 Re8 34. a4 Qb8 35. a5 Rxe5 36. Rxe5 Qxe5 37. a6 Nxg3 38. a7 Ne2+ 39. Qxe2 Qxe2 40. a8Q+ Kh7 41. Qa2 Qe3+ 42. Kh1 Be4 43. b4 Bd3 44. Qd5 Bf5 1-0

[Event "ESP-ch U12"]
[Site "Salobrena"]
[Date "2023.07.15"]
[Round "9"]
[White "Perez Fernandez, Arys"]
[Black "Valle Luis, Liam"]
[Result "1/2-1/2"]
[WhiteElo "1470"]
[BlackElo "1632"]
[PlyCount "115"]
[EventDate "2023.07.10"]
[EventType "swiss"]
[EventRounds "9"]
[EventCountry "ESP"]
[SourceTitle "EXT 2024"]
[Source "ChessBase"]
[SourceDate "2023.10.10"]
[SourceVersion "1"]
[SourceVersionDate "2023.10.10"]
[SourceQuality "1"]

1. e4 e5 2. Nf3 Nf6 3. d4 Nxe4 4. Bd3 d5 5. Nxe5 Nd7 6. Nxd7 Bxd7 7. 0-0 Bd6 8. Nc3 Nxc3 9. bxc3 0-0 10. Qh5 g6 11. Qxd5 Bc6 12. Qg5 Qd7 13. Bf4 Be7 14. Qg3 Rac8 15. Bc4 b5 16. Bb3 a5 17. Bh6 Qf5 18. Bxf8 Bxf8 19. a4 bxa4 20. Bxa4 Bxa4 21. Rxa4 Qxc2 22. Rxa5 Bd6 23. Qh3 Rb8 24. Raa1 Kg7 25. Rac1 Qa4 26. Qd3 Qd7 27. Rb1 Ra8 28. Qb5 Qe7 29. g3 h5 30. h4 Ra2 31. Rb2 Ra3 32. Re2 Qf6 33. Re3 Qd8 34. Rfe1 Qc8 35. c4 Ra2 36. c5 Qf5 37. Qf1 Bf8 38. Qg2 Rd2 39. Re4 c6 40. Rf4 Qd7 41. Qe4 Ra2 42. Qe8 Qb7 43. Qe5+ Kg8 44. Qf6 Ra8 45. g4 Bg7 46. Qg5 hxg4 47. Rxg4 Qb4 48. Re7 Ra1+ 49. Kg2 Qb1 50. Re8+ Kh7 51. h5 Qh1+ 52. Kg3 Rg1+ 53. Kf4 Bh6 54. Rh8+ Kxh8 55. Qxh6+ Kg8 56. Rxg1 Qxg1 57. Kf3 Qd1+ 58. Ke4 1/2-1/2

[Event "ESP-ch U12"]
[Site "Salobrena"]
[Date "2023.07.11"]
[Round "3"]
[White "Valle Luis, Liam"]
[Black "Cano Mas, Ignacio Dimas"]
[Result "1-0"]
[WhiteElo "1632"]
[BlackElo "1286"]
[PlyCount "37"]
[EventDate "2023.07.10"]
[EventType "swiss"]
[EventRounds "9"]
[EventCountry "ESP"]
[SourceTitle "EXT 2024"]
[Source "ChessBase"]
[SourceDate "2023.10.10"]
[SourceVersion "1"]
[SourceVersionDate "2023.10.10"]
[SourceQuality "1"]

1. e4 d6 2. d4 Nf6 3. Nc3 g6 4. Be3 Bg7 5. f3 c6 6. Qd2 0-0 7. 0-0-0 Qa5 8. Bh6 Bxh6 9. Qxh6 c5 10. e5 dxe5 11. dxe5 Nh5 12. g4 Ng7 13. Nh3 f6 14. exf6 exf6 15. Bc4+ Kh8 16. Nf4 Be6 17. Bxe6 Nxe6 18. Nxe6 Rf7 19. Rd8+ 1-0